1409 1823 1170 1290 1943 1247 1912 1384 1388 1859 1355 1701 1811 1058 1998 1477 1516 1252 1572 1924 1953 1274 1931 1204 1832 1209 1834 1800 1902 1405 1568 1306 1181 1771 1101 1268 1866 1918 1200 1113 1185 1219 1233 1664 1877 1034 1952 1528 1900 1887 1993 1054 1696 1654 1093 1928 1090 1298 1166 1459 1030 1487 1834 1115 1314 1734 1156 1165 1759 1748 1587 1130 1823 1001 1390 1031 1953 1403 1535 1519 1520 1156 1040 1528 1141 1652 1953 1405 1211 1764 1867 1022 1315 1605 1943 1700 1377 1138 1178 BCNSPRNW ULIB Ver.6.0+V

เปลี่ยนเป็นภาษาไทย

Change to English
 แสดงรายละเอียดบรรณานุกรม
  กลับหน้าหลัก

Brief Record : Get Marc (ISO 2709) : E-mail record : QR code < ปิดหน้าต่าง
LEADER : 00000nam 2200000uu 4500
001    13399108120
003     ULIB
008    110217s2552||||th 000 0 tha d
020    9741105452
060 04 WY152^bพ587ก 2552
100    พัสมณฑ์ คุ้มทวีพร
245 10 การพยาบาลผู้ใหญ่และผู้สูงอายุ 2 /^cพัสมณฑ์ คุ้มทวีพร
250    พิมพ์ครั้งที่ 2
260    กรุงเทพฯ :^bโรงพิมพ์ฮายานุสะ กราฟฟิก, ^c2552
300    328 หน้า :^bภาพประกอบ ;^c26 ซม.
650  7 การพยาบาล^xในวัยชรา
650  7 การพยาบาล^xในวัยผู้ใหญ่
650  7 การพยาบาลผู้สูงอายุ
650  7 ผู้สูงอายุ^xการดูแล
945    ^p300^l0^i028506
945    ^p300^l0^i028505
945    ^p300^l0^i028507
995    ทศพร
999 ^a ใช้งานได้ทุกระบบ
รายการนี้ยังไม่มีแท็ก
คุณยังไม่ได้ล็อกอิน คุณสามารถมีกิจกรรมร่วมกับเว็บไซต์ได้ แต่ต้องล็อกอินก่อน ::
  ล็อกอิน

รายการสื่อสารสนเทศ

ลำดับที่ ประเภท เลขเรียก/บาร์โค้ด สถานที่ สถานะ
- ไม่พบข้อมูล -

รายการใกล้เคียง
    ผู้แต่ง [พัสมณฑ์ คุ้มทวีพร]

    หัวเรื่อง [การพยาบาลผู้สูงอายุ]
    หัวเรื่อง [ผู้สูงอายุ การดูแล]

BibComment


ยังไม่เคยถูกคอมเมนท์

คอมเมนท์ทรัพยากรรายการนี้
  คอมเมนท์: การพยาบาลผู้ใหญ่แ..


 Copyright 2026. Bcnsprnw @Library